| 000 | 00671nam a22001937a 4500 | ||
|---|---|---|---|
| 003 | NUST - PNEC | ||
| 005 | 20170116181200.0 | ||
| 008 | 160208b xxu||||| |||| 00| 0 eng d | ||
| 020 | _a9788184203905 | ||
| 040 | _cLIBRARY | ||
| 082 | _a973 SHA | ||
| 100 |
_916297 _aSharma, A.R. |
||
| 245 |
_aCultural and military power of America _cA.R. Sharma |
||
| 260 |
_aNew Delhi: _bSumit Enterprises; _cc2013. |
||
| 300 | _a300 pages | ||
| 650 |
_916298 _aUnited States, civilization _xGeneral |
||
| 856 | _uhttp://www.amazon.com/Cultural-Military-Power-America-Sharma/dp/818420390X/ref=sr_1_1?s=books&ie=UTF8&qid=1454928252&sr=1-1&keywords=9788184203905 | ||
| 942 |
_2ddc _cBK |
||
| 999 |
_c71407 _d71407 |
||